North and South American Countries by Population - Statistics

General Stats
  • This quiz has been taken 1,675 times
  • The average score is 32 of 35
Answer Stats
Population Country % Correct
324,130,000 United States
100%
206,239,531 Brazil
99%
122,273,473 Mexico
99%
43,590,400 Argentina
98%
48,793,492 Colombia
98%
36,155,487 Canada
97%
31,028,700 Venezuela
97%
31,488,700 Peru
96%
16,568,937 Ecuador
95%
18,191,900 Chile
93%
16,176,133 Guatemala
93%
11,078,033 Haiti
93%
11,239,004 Cuba
92%
8,576,532 Honduras
92%
6,854,536 Paraguay
91%
3,480,222 Uruguay
91%
10,985,059 Bolivia
90%
10,075,045 Dominican Republic
90%
2,723,246 Jamaica
90%
6,262,703 Nicaragua
90%
6,520,675 El Salvador
89%
1,349,667 Trinidad and Tobago
89%
4,890,379 Costa Rica
88%
3,814,672 Panama
88%
746,900 Guyana
87%
541,638 Suriname
86%
86,295 Antigua and Barbuda
85%
378,040 Bahamas
85%
285,000 Barbados
85%
71,293 Dominica
85%
103,328 Grenada
85%
370,300 Belize
84%
186,000 Saint Lucia
84%
46,204 Saint Kitts and Nevis
83%
109,991 Saint Vincent and the Grenadines
82%
No matching quizzes found
Score Distribution
Percent of People with Each Score
Percentile by Number Answered
Your Score History
You have not taken this quiz